| 000 | 00617nam a2200217Ia 4500 | ||
|---|---|---|---|
| 008 | 180523s9999 xx 000 0 und d | ||
| 020 | _a81-7446-330-5 | ||
| 050 | _aMAIN HD 66 | ||
| 050 | _b.D48 2003 | ||
| 245 | 0 | _aDeveloping leader, teams, and organizations / | |
| 245 | 0 | _cedited by Anup K. Singh, Daisy Chauhan. | |
| 260 | _aNew Delhi : | ||
| 260 | _bExcel Books, | ||
| 260 | _c2003 | ||
| 300 | _a388 pages : | ||
| 300 | _c22 cm. | ||
| 500 | _aIncludes bibliographical references. | ||
| 650 | _aEmployees -- Coaching of. | ||
| 650 | _aTeams in the workplace -- Management. | ||
| 650 | _xLeadership. | ||
| 999 |
_c356951 _d356951 |
||